000 01165 a2200253 4500
001 26081
005 20260407155543.0
008 260407a1969 arg spa d
003 AR-UNSa-BCEJYS
040 _aAR-UNSa-BCEJYS
_bspa
_cAR-UNSa-BCEJYS
080 _a657.6
_xAuditoria (control interno)
245 1 0 _aAuditoria Analítica
264 1 _aBuenos Aires :
_bPROINVERT
_c1969
300 _a211 p.
_c23 cm.
505 _a1. Introducción - 2. Objetivos de la auditoría analítica - 3. Teoría de la auditoría analítica - 4. Trazado de cursogramas - 5. La auditroría de sistemas - 6. La auditoría de seguimiento - 7. Ejemplos de secciones de sistemas - 8. Cómo mejorar las técnicas de diagramación - 9. Aplicación a sistemas de tarjetas perforadas. Electrónicos - 10. Conclusión.
942 _cBK
590 _aniveau_biblio:m niveau_hierar:0
100 1 _aSkinner, R.M.
700 1 _aAnderson, R.J.
700 1 _aBocardi, Enrique Ricardo
700 1 _aMora, Graciela
700 1 _aChapman, William Leslie
856 4 1 _uhttps://biblioeco.unsa.edu.ar/pmb/images/libros/Auditoria Anal?tica Skinner, R.M. (1969).jpg
_yImagen de portada
_qimage/jpeg
999 _c1437
_d1437